Datum a čas kvízu
14.5
Celkem bodů
Celkový počet nahraných bodů na tomto kvízu bez doplňovacích otázek.
5.
Pořadí na kvízu
Konečné umístění týmu na tomto kvízu.
Zaznamenané odpovědi
| # | Otázka | Odpověď | Body | Výsledky |
|---|---|---|---|---|
| 1. | Jedna česká politička se pochl... | Alena Schillerová, lev | 1 | |
| 2. | Bezpečnostní složky na kosmodr... | raketoplán Buran | 0 | |
| 3. | Který muž bude v příštích lete... | Jiří Bartoška | 0 | |
| 4. | Minulý týden jsme se dozvěděli... | Kofola | 0 | |
| 5. | Který dopravní prostředek využ... | traktor | 0 | |
| 6. | Podíváme se na pět reklam, z n... | sázení (sázková kancelář, hazard) | 0 | |
| 7. | Pro který produkt byla vytvoře... | kondomy | 1 | |
| 8. | Spot je z roku 2014. Rada pro... | T-Mobile | 1 | |
| 9. | Tato televizní reklama na Fido... | B) hodí panenku na kapotu a posádku omráčí airbagy | 1 | |
| 10. | Spot režiséra Jakuba Koháka se... | ÚAMK | 0 |